| 000 | 00000nam##2200000za#4500 |
| 001 | 9.700002 |
| 003 | CaOODSP |
| 005 | 20210625000634 |
| 007 | cr ||||||||||| |
| 008 | 150407|2014||||xxc|||||o f|0| 0 eng|d |
| 020 | |a978-1-100-25087-8 |
| 040 | |aCaOODSP|beng |
| 043 | |an-cn--- |
| 086 | 1 |aCi4-127/2014E-PDF |
| 110 | 1 |aCanada.|bCitizenship and Immigration Canada. |bEvaluation Division. |
| 245 | 10|aEvaluation of the Federal Business Immigration Program |h[electronic resource] |
| 260 | |aOttawa - Ontario : |bCitizenship and Immigration Canada. |cJune 2014. |
| 300 | |a103p.|bfig., glossary, graph, references, tables |
| 590 | |a15-12|b2015-03-20 |
| 690 | 07|aFederal programs|2gcpds |
| 690 | 07|aImmigration policy|2gcpds |
| 775 | 08|tÉvaluation du Programme fédéral d'immigration des gens d'affaires |w(CaOODSP)9.643907 |
| 856 | 40|ahttp://publications.gc.ca|qPDF|s1752 KB|uhttps://publications.gc.ca/collections/collection_2015/cic/Ci4-127-2014-eng.pdf |
| 986 | |aRef. No.: E2-2013 |